000
00372nam a22001577a 4500
003
MPLRDC
005
20220104143241.0
008
210129b ||||| |||| 00| 0 eng d
082
_a
810.9 ZGWX v.3*
100
_a
不详
245
_a
世界文学大纲. 三
_c
260
_a
_b
香港文学研究社
_c
1957
300
_b
精
650
_a
942
_c
BK
_o
810.9 ZGWX v.3*
999
_c
38082
_d
38072